[Event "ALG-chT"]
[Site "Staoueli"]
[Date "2014.08.23"]
[Round "4.2"]
[White "Belouadah, Saad"]
[Black "Seffar, Mohamed"]
[Result "0-1"]
[WhiteElo "2320"]
[BlackElo "2078"]
[PlyCount "49"]
[EventDate "2014.08.22"]
[EventType "team-swiss"]
[EventRounds "9"]
[EventCountry "ALG"]
[SourceTitle "EXT 2016"]
[Source "ChessBase"]
[SourceDate "2015.10.08"]
[SourceVersion "1"]
[SourceVersionDate "2015.10.08"]
[SourceQuality "1"]
[WhiteTeam "Alger ASSN"]
[BlackTeam "Malki NRM"]
[WhiteTeamCountry "ALG"]
[BlackTeamCountry "ALG"]

1. c4 Nf6 2. Nc3 c5 3. g3 g6 4. Bg2 Bg7 5. e4 Nc6 6. d3 0-0 7. h3 d6 8. Nge2 Rb8 9. Be3 a6 10. a4 Bd7 11. 0-0 Ne8 12. d4 cxd4 13. Nxd4 Nxd4 14. Bxd4 b5 15. cxb5 axb5 16. a5 Bxd4 17. Qxd4 e5 18. Qb4 Be6 19. Rfd1 Qc8 20. a6 Ra8 21. Qa5 d5 22. Nxb5 Bxh3 23. Rxd5 Qg4 24. Nc7 Nxc7 25. Qxc7 0-1

[Event "ALG Cup"]
[Site "Algiers"]
[Date "2013.11.??"]
[Round "5.2"]
[White "Seffar, Mohamed"]
[Black "Souici, Noureddine"]
[Result "0-1"]
[WhiteElo "2086"]
[BlackElo "2041"]
[PlyCount "50"]
[EventDate "2013.11.??"]
[EventType "k.o."]
[EventRounds "6"]
[EventCountry "ALG"]
[SourceTitle "EXT 2015"]
[Source "ChessBase"]
[SourceDate "2014.11.20"]
[SourceVersion "1"]
[SourceVersionDate "2014.11.20"]
[SourceQuality "1"]

1. d4 d5 2. c4 e6 3. Nc3 Nf6 4. Nf3 c6 5. e3 Nbd7 6. Bd3 Be7 7. 0-0 0-0 8. Qe2 b6 9. e4 dxe4 10. Nxe4 Bb7 11. Bf4 Nxe4 12. Bxe4 Nf6 13. Bc2 c5 14. dxc5 Bxc5 15. Rad1 Qe7 16. Ne5 Rad8 17. Bg5 h6 18. Bh4 g5 19. Bg3 Rxd1 20. Rxd1 Rd8 21. h4 Rxd1+ 22. Qxd1 Ne4 23. Bxe4 Bxe4 24. Qh5 Qf6 25. Ng4 Qg6 0-1

[Event "ALG-chT"]
[Site "Algiers"]
[Date "2013.08.25"]
[Round "8.2"]
[White "Saim, Mohamed Ilias"]
[Black "Seffar, Mohamed"]
[Result "0-1"]
[WhiteElo "1994"]
[BlackElo "2076"]
[PlyCount "50"]
[EventDate "2013.08.21"]
[EventType "team-swiss"]
[EventRounds "9"]
[EventCountry "ALG"]
[SourceTitle "CBM 156 Extra"]
[Source "ChessBase"]
[SourceDate "2013.10.22"]
[SourceVersion "1"]
[SourceVersionDate "2013.10.22"]
[SourceQuality "1"]
[WhiteTeam "Belabbes Elhillal Sidi"]
[BlackTeam "Maliki NRM"]
[WhiteTeamCountry "ALG"]
[BlackTeamCountry "ALG"]

1. e4 c5 2. Nf3 d6 3. d4 cxd4 4. Qxd4 Nc6 5. Qe3 Nf6 6. h3 e6 7. c4 Be7 8. Nc3 0-0 9. Bd3 d5 10. e5 d4 11. Nxd4 Nxd4 12. exf6 Bxf6 13. Qe4 g6 14. Bh6 Re8 15. 0-0-0 Nf5 16. Bc2 Qe7 17. Bf4 Bxc3 18. bxc3 e5 19. Bg3 Z0 20. Kb1 Z0 21. Qe2 b5 22. Be4 bxc4 23. Qc2 Rb8+ 24. Ka1 Nd6 25. f3 Z0 0-1

[Event "Algiers Cup 11th"]
[Site "Algiers"]
[Date "2013.01.18"]
[Round "6"]
[White "Seffar, Mohamed"]
[Black "Talbi, Chafik"]
[Result "0-1"]
[WhiteElo "2088"]
[BlackElo "2156"]
[PlyCount "88"]
[EventDate "2013.01.11"]
[EventType "swiss"]
[EventRounds "14"]
[EventCountry "ALG"]
[SourceTitle "CBM 152 Extra"]
[Source "ChessBase"]
[SourceDate "2013.02.25"]
[SourceVersion "1"]
[SourceVersionDate "2013.02.25"]
[SourceQuality "1"]

1. e4 c5 2. Nf3 a6 3. d4 cxd4 4. Nxd4 Nf6 5. Nc3 e5 6. Nb3 Bb4 7. Bd3 d5 8. exd5 Qxd5 9. 0-0 Bxc3 10. bxc3 0-0 11. c4 Qc6 12. Bb2 Re8 13. Re1 Qc7 14. f4 Bg4 15. Be2 Bxe2 16. Qxe2 Nc6 17. fxe5 Nd7 18. Rad1 Ndxe5 19. c5 f6 20. Qh5 Rad8 21. h3 Qf7 22. Qh4 Qc4 23. Qxc4+ Nxc4 24. Rxd8 Rxd8 25. Bc1 Kf7 26. Kf2 Rd5 27. Re4 N4e5 28. Bf4 Ke6 29. Ke3 g5 30. Bxe5 Rxe5 31. g4 f5 32. Rxe5+ Kxe5 33. gxf5 Kxf5 34. Nd2 Ke5 35. Nc4+ Kd5 36. Nd6 Nd8 37. Ne4 h6 38. Kd3 Ne6 39. c4+ Kc6 40. Nf2 Kxc5 41. Ke4 Kxc4 42. Kf5 Nf4 43. h4 Nd3 44. Ne4 gxh4 0-1